| 000 | 00355nam a2200157Ia 4500 | ||
|---|---|---|---|
| 008 | 210210b1929 xxu||||| |||| 00| 0 eng d | ||
| 041 | _aeng | ||
| 082 | _a230/135 | ||
| 100 | _aSAUNDERS (Kenneth) | ||
| 245 | _aBuddhism | ||
| 260 |
_aLondon _bErnest Benn Limited _c1929 |
||
| 300 | _a79 | ||
| 650 | _aBuddhism | ||
| 690 | _aBuddhism | ||
| 906 | _a001371 | ||
| 999 |
_c116507 _d116507 |
||